Court of remorse (Record no. 88251)
[ view plain ]
| 000 -LEADER | |
|---|---|
| fixed length control field | 01692nam a2200409Ia 4500 |
| 082 04 - DEWEY DECIMAL CLASSIFICATION NUMBER | |
| Classification number | 345.67571/0251 |
| 100 1# - MAIN ENTRY--AUTHOR NAME | |
| Personal name | Cruvellier, T. |
| 245 10 - TITLE STATEMENT | |
| Title | Court of remorse |
| 260 ## - PUBLICATION, DISTRIBUTION, ETC. (IMPRINT) | |
| Place of publication | Madison, Wis. : |
| Name of publisher | University of Wisconsin Press, |
| Year of publication | c2010. |
| 300 ## - PHYSICAL DESCRIPTION | |
| Number of Pages | xiii, 188 p. : |
| Other physical details | map. |
| 490 1# - SERIES STATEMENT | |
| Series statement | Critical human rights |
| 650 #0 - SUBJECT ADDED ENTRY--TOPICAL TERM | |
| Topical Term | Trials (Crimes against humanity) |
| Topical Term | War crime trials |
| Topical Term | Genocide |
| 700 1# - ADDED ENTRY--PERSONAL NAME | |
| Personal name | Voss, Chari. |
| 856 40 - ELECTRONIC LOCATION AND ACCESS | |
| Uniform Resource Identifier | http://site.ebrary.com/lib/rucke/Doc?id=10395139 |
No items available.
